Normal view
MARC view
- Zbar, Paul B
Entry Personal Name
001 - CONTROL NUMBER
- control field: 6798
003 - CONTROL NUMBER IDENTIFIER
- control field: OSt
005 - DATE AND TIME OF LATEST TRANSACTION
- control field: 20250106145654.0
008 - FIXED-LENGTH DATA ELEMENTS
- fixed length control field: 250106|| aca||aabn | a|a d
040 ## - CATALOGING SOURCE
- Original cataloging agency: OSt
- Transcribing agency: OSt
100 ## - HEADING--PERSONAL NAME
- Personal name: Zbar, Paul B
670 ## - SOURCE DATA FOUND
- Source citation: Work cat.: (OSt)111: Zbar, Paul B ., Basic electronics : a text-lab manual / , 1990.
